Jodái-e Náder az Simin : A separation /

جدى نىدر از سمن ا سپرتن /

A married couple are faced with a difficult decision - to improve the life of their child by moving to another country or to stay in Iran and look after a deteriorating parent who has Alzheimer's disease.

Bibliographic Details
Corporate Authors: Sony Pictures Home Entertainment (Firm), Sony Pictures Classics (Firm)
Other Authors: Maʻādī, Paymān, 1972- (Actor), Ḥātamī, Laylā, 1970- (Actor), Bayat, Sareh, 1979- (Actor), Farhādī, Aṣghar, 1972- (Screenwriter, Director), Oraki, Sattar
Format: Video DVD
Language:Persian
French
Language Notes:Persian/Farsi or French dialogue; English or French subtitles.
Published: Culver City, Calif. : Sony Pictures Home Entertainment, 2012.
Edition:[Widescreen format].
Subjects:

MARC

Tag First Indicator Second Indicator Subfields
LEADER 00000cgm a2200000Ia 4500
001 in00002781525
005 20150922103750.0
007 vd cvaizq
008 120710p20122011cau123 g vlper d
024 1 0 |a 043396406919 
028 4 2 |a 40691  |b Sony Pictures Home Entertainment 
035 |a (OCoLC)800160930 
035 |a (OCoLC)ocn800160930 
037 |b Midwest Tape  |n http://www.midwesttapes.com 
040 |a TEFMT  |c TEFMT  |d TEF  |d NOG  |d GK8  |d BKX  |d TXA  |d UtOrBLW 
041 1 |a per  |a fre  |j eng  |j fre  |h per 
043 |a a-ir--- 
044 |a cau  |a ir 
049 |a TXAM 
050 4 |a PN1997.2  |b .S47 2012 
082 0 4 |a 791.43/72  |2 23 
090 |a PN1995.9.F67  |b S465 2012 
245 0 0 |6 880-01  |a Jodái-e Náder az Simin :  |b A separation /  |c a Sony Pictures Classics release ; written and directed by Asghar Farhadi. 
246 3 1 |a Separation 
250 |a [Widescreen format]. 
257 |a Iran.  |2 naf 
264 1 |a Culver City, Calif. :  |b Sony Pictures Home Entertainment,  |c 2012. 
300 |a 1 videodisc (approximately 123 min.) :  |b sound, color ;  |c 4 3/4 in. 
336 |a two-dimensional moving image  |b tdi  |2 rdacontent 
337 |a video  |b v  |2 rdamedia 
338 |a videodisc  |b vd  |2 rdacarrier 
500 |a Originally produced as a motion picture in 2011. 
508 |a Music, Sattar Oraki ; cinematography, Mahmoud Kalari ; editor, Hayedeh Safiyari. 
511 1 |6 880-02  |a Peyman Moadi, Leila Hatami, Sareh Bayat. 
520 |a A married couple are faced with a difficult decision - to improve the life of their child by moving to another country or to stay in Iran and look after a deteriorating parent who has Alzheimer's disease. 
521 8 |a MPAA rating: PG-13; for mature thematic material ; Canadian home video rating: PG. 
538 |a DVD; region 1; NTSC; 3.0 LCR (Discrete surround). 
546 |a Persian/Farsi or French dialogue; English or French subtitles. 
500 |a Videorecording. 
650 0 |a Man-woman relationships  |z Iran  |v Drama. 
650 0 |a Fathers and sons  |z Iran  |v Drama. 
650 0 |a Divorce  |z Iran  |v Drama. 
655 7 |a Foreign films.  |2 local 
655 7 |a Motion pictures, Iranian.  |2 local 
655 7 |a Feature films.  |2 lcgft 
655 7 |a Fiction films.  |2 lcgft 
700 1 |a Maʻādī, Paymān,  |d 1972-  |e actor. 
700 1 |a Ḥātamī, Laylā,  |d 1970-  |e actor. 
700 1 |a Bayat, Sareh,  |d 1979-  |e actor. 
700 1 |a Farhādī, Aṣghar,  |d 1972-  |e screenwriter,  |e director. 
700 1 |a Oraki, Sattar. 
710 2 |a Sony Pictures Home Entertainment (Firm) 
710 2 |a Sony Pictures Classics (Firm) 
880 0 0 |6 245-01/r  |a جدى نىدر از سمن  |h [ڤدرردنگ] =  |b ا سپرتن /  |c ا سني پترس لسس رلس ؛ ورتن اند درتد بي اسغر فرهد. 
880 1 |6 511-02/r  |a پىمن مد، لل هتم، سره بىت. 
948 |a cataloged  |b h  |c 2012/8/21  |d c  |e blrosas  |f 2:46:17 pm 
949 |a updated-AC Qatar  |b h  |c 2012/11/28  |e agreen 
994 |a C0  |b TXA 
999 |a MARS 
999 f f |s b07000d0-4a90-3754-b5a7-2a08b8a006b7  |i dd0486d3-9e9c-3cd5-bdea-f7478dbf209f  |t 0 
952 f f |p dvd  |a Texas A&M University  |b College Station  |c Sterling C. Evans Library  |d Evans: Media and Reserves (Annex 1st floor)  |t 0  |e PN1995.9.F67 S465 2012  |h Library of Congress classification  |i video -- videodisc  |m A14841466741 
998 f f |a PN1995.9.F67 S465 2012  |t 0  |l Evans: Media and Reserves (Annex 1st floor)